[Event "New Zealand Junior Championship"]
[Site "Wellington"]
[Date "2023.01.07"]
[Round "5.7"]
[White "Liu, Richard Jingjie"]
[Black "Coates, Alex"]
[Result "1/2-1/2"]
[WhiteElo "1392"]
[BlackElo "1718"]

1. e4 {[%clk 01:00:59]} 1... e6 {[%clk 01:00:52] [%emt 00:00:08]} 2. d4 {[%clk
01:01:26] [%emt 00:00:04]} 2... d5 {[%clk 01:01:19] [%emt 00:00:03]} 3. e5
{[%clk 01:01:50] [%emt 00:00:06]} 3... c5 {[%clk 01:01:44] [%emt 00:00:05]} 4.
c3 {[%clk 01:02:17] [%emt 00:00:03]} 4... Nc6 {[%clk 01:02:07] [%emt 00:00:07]}
5. Nf3 {[%clk 01:02:39] [%emt 00:00:08]} 5... Qb6 {[%clk 01:02:20] [%emt
00:00:17]} 6. Be2 {[%clk 01:02:57] [%emt 00:00:12]} 6... cxd4 {[%clk 01:02:25]
[%emt 00:00:25]} 7. cxd4 {[%emt 00:00:22]} 7... Nge7 {[%clk 01:02:42] [%emt
00:00:11]} 8. Nc3 {[%clk 01:02:20] [%emt 00:01:16]} 8... Nf5 {[%clk 01:02:49]
[%emt 00:00:21]} 9. Na4 {[%clk 01:02:40] [%emt 00:00:12]} 9... Qa5+ {[%clk
01:02:23] [%emt 00:00:55]} 10. Nc3 {[%clk 01:00:54] [%emt 00:02:16]} 10... Qb6
{[%clk 01:01:27] [%emt 00:01:27]} 11. Na4 {[%clk 01:01:17] [%emt 00:00:07]}
11... Bb4+ {[%clk 01:01:28] [%emt 00:00:29]} 12. Bd2 {[%clk 01:01:14] [%emt
00:00:33]} 12... Qa5 {[%clk 01:01:25] [%emt 00:00:33]} 13. Bc3 {[%clk 00:58:22]
[%emt 00:03:22]} 13... Bxc3+ {[%clk 01:00:41] [%emt 00:01:14]} 14. Nxc3 {[%clk
00:58:04] [%emt 00:00:48]} 14... Bd7 {[%clk 01:00:43] [%emt 00:00:27]} 15. a3
{[%clk 00:57:58] [%emt 00:00:36]} 15... O-O {[%clk 00:59:43] [%emt 00:01:30]}
16. O-O {[%clk 00:58:05] [%emt 00:00:24]} 16... Nce7 {[%clk 00:59:35] [%emt
00:00:38]} 17. b4 {[%clk 00:58:10] [%emt 00:00:26]} 17... Qb6 {[%clk 00:59:27]
[%emt 00:00:38]} 18. Bd3 {[%clk 00:58:29] [%emt 00:00:11]} 18... Rac8 {[%clk
00:59:07] [%emt 00:00:49]} 19. Rc1 {[%clk 00:58:18] [%emt 00:00:41]} 19... g6
{[%clk 00:59:19] [%emt 00:00:18]} 20. Bxf5 {[%clk 00:56:37] [%emt 00:02:10]}
20... Nxf5 {[%clk 00:59:37] [%emt 00:00:13]} 21. Qd2 {[%clk 00:55:57] [%emt
00:01:10]} 21... Kg7 {[%clk 00:58:58] [%emt 00:01:08]} 22. Rfd1 {[%clk
00:55:25] [%emt 00:01:02]} 22... Rc4 {[%clk 00:58:23] [%emt 00:01:05]} 23. Ne2
{[%clk 00:54:50] [%emt 00:01:05]} 23... Rfc8 {[%clk 00:58:31] [%emt 00:00:22]}
24. Rxc4 {[%clk 00:52:01] [%emt 00:03:19]} 24... Rxc4 {[%clk 00:58:39] [%emt
00:00:22]} 25. Nc3 {[%clk 00:50:10] [%emt 00:02:21]} 25... Qc7 {[%clk 00:58:33]
[%emt 00:00:36]} 26. Rc1 {[%clk 00:50:21] [%emt 00:00:19]} 26... a5 {[%clk
00:58:01] [%emt 00:01:03]} 27. h3 {[%clk 00:49:23] [%emt 00:01:27]} 27... axb4
{[%clk 00:57:54] [%emt 00:00:37]} 28. axb4 {[%clk 00:49:40] [%emt 00:00:14]}
28... h6 {[%clk 00:58:08] [%emt 00:00:16]} 29. Ne2 {[%clk 00:49:22] [%emt
00:00:50]} 1/2-1/2

[Event "New Zealand Junior Championship"]
[Site "Wellington"]
[Date "2023.01.07"]
[Round "5.9"]
[White "Suggate, Romero"]
[Black "Li, Bill"]
[Result "0-1"]
[WhiteElo "2049"]
[BlackElo "1384"]

1. b3 {[%clk 01:00:59] [%emt 00:00:01]} 1... d5 {[%clk 01:00:47] [%emt
00:00:13]} 2. Bb2 {[%clk 01:01:23] [%emt 00:00:05]} 2... Nc6 {[%clk 01:01:08]
[%emt 00:00:09]} 3. e3 {[%clk 01:01:28] [%emt 00:00:25]} 3... e5 {[%clk
01:01:19] [%emt 00:00:19]} 4. Bb5 {[%clk 01:01:46] [%emt 00:00:12]} 4... Bd6
{[%clk 01:01:35] [%emt 00:00:14]} 5. f4 {[%clk 01:01:47] [%emt 00:00:29]} 5...
f6 {[%clk 01:00:38] [%emt 00:01:27]} 6. Bxc6+ {[%clk 00:55:05] [%emt 00:07:13]}
6... bxc6 {[%clk 01:00:55] [%emt 00:00:12]} 7. fxe5 {[%clk 00:55:31] [%emt
00:00:04]} 7... fxe5 {[%clk 01:00:16] [%emt 00:01:10]} 8. Qh5+ {[%clk 00:48:21]
[%emt 00:07:39]} 8... g6 {[%clk 00:59:08] [%emt 00:01:38]} 9. Qf3 {[%clk
00:48:17] [%emt 00:00:34]} 9... Bf5 {[%clk 00:53:24] [%emt 00:06:14]} 10. d3
{[%clk 00:43:58] [%emt 00:04:49]} 10... Nf6 {[%clk 00:52:12] [%emt 00:01:42]}
11. Nd2 {[%clk 00:42:19] [%emt 00:02:10]} 11... Qe7 {[%clk 00:47:27] [%emt
00:05:14]} 12. O-O-O {[%clk 00:40:54] [%emt 00:01:55]} 12... Bg4 {[%clk
00:45:17] [%emt 00:02:40]} 13. Qf1 {[%clk 00:40:57] [%emt 00:00:27]} 13... Bxd1
{[%clk 00:45:32] [%emt 00:00:16]} 14. Qxd1 {[%clk 00:41:25] [%emt 00:00:01]}
14... Ba3 {[%clk 00:45:25] [%emt 00:00:37]} 15. Ne2 {[%clk 00:40:41] [%emt
00:01:13]} 15... Bxb2+ {[%clk 00:45:45] [%emt 00:00:12]} 16. Kxb2 {[%clk
00:41:10] [%emt 00:00:01]} 16... Ng4 {[%clk 00:45:00] [%emt 00:01:15]} 17. Qg1
{[%clk 00:39:23] [%emt 00:02:16]} 17... Rf8 {[%clk 00:45:15] [%emt 00:00:15]}
18. h3 {[%clk 00:39:02] [%emt 00:00:52]} 18... Nf2 {[%clk 00:45:33] [%emt
00:00:11]} 19. Rh2 {[%clk 00:39:28] [%emt 00:00:03]} 19... Qg5 {[%clk 00:45:27]
[%emt 00:00:37]} 20. Nf1 {[%clk 00:38:24] [%emt 00:01:34]} 20... Qf6 {[%clk
00:42:47] [%emt 00:03:11]} 21. Nd2 {[%clk 00:37:38] [%emt 00:01:16]} 21...
O-O-O {[%clk 00:38:05] [%emt 00:05:12]} 22. Kb1 {[%clk 00:35:59] [%emt
00:02:09]} 22... h5 {[%clk 00:37:39] [%emt 00:00:55]} 23. g4 {[%clk 00:29:54]
[%emt 00:06:35]} 23... hxg4 {[%clk 00:37:54] [%emt 00:00:15]} 24. hxg4 {[%clk
00:30:23]} 24... Rd7 {[%clk 00:32:32] [%emt 00:05:53]} 25. a4 {[%clk 00:25:46]
[%emt 00:05:08]} 25... Rdf7 {[%clk 00:32:37] [%emt 00:00:25]} 26. Ka2 {[%clk
00:26:09] [%emt 00:00:07]} 26... Qg5 {[%clk 00:32:46] [%emt 00:00:20]} 27. Qg3
{[%clk 00:25:28] [%emt 00:01:12]} 27... Qxg4 {[%clk 00:30:48] [%emt 00:02:28]}
28. Rxf2 {[%clk 00:25:27] [%emt 00:00:31]} 28... Qxg3 {[%clk 00:31:06] [%emt
00:00:13]} 29. Rxf7 {[%clk 00:25:54] [%emt 00:00:03]} 29... Qe1 {[%clk
00:30:19] [%emt 00:01:17]} 30. Rxf8+ {[%clk 00:26:08] [%emt 00:00:17]} 30...
Kb7 {[%clk 00:30:47]} 31. Nf3 {[%clk 00:25:30] [%emt 00:01:07]} 31... Qxe2
{[%clk 00:31:05] [%emt 00:00:13]} 32. Kb2 {[%clk 00:25:51] [%emt 00:00:09]}
32... Qf2 {[%clk 00:31:00] [%emt 00:00:35]} 33. e4 {[%clk 00:25:17] [%emt
00:01:04]} 33... dxe4 {[%clk 00:30:41] [%emt 00:00:49]} 34. dxe4 {[%clk
00:25:45] [%emt 00:00:01]} 34... Qe3 {[%clk 00:30:36] [%emt 00:00:35]} 35. b4
{[%clk 00:20:47] [%emt 00:05:29]} 35... Qxe4 {[%clk 00:30:52] [%emt 00:00:14]}
36. Kb3 {[%clk 00:21:08] [%emt 00:00:09]} 36... Qd5+ {[%clk 00:31:05] [%emt
00:00:17]} 37. Ka3 {[%clk 00:21:30] [%emt 00:00:08]} 37... c5 {[%clk 00:30:50]
[%emt 00:00:45]} 38. c3 {[%clk 00:20:23] [%emt 00:01:36]} 38... cxb4+ {[%clk
00:31:11] [%emt 00:00:10]} 39. cxb4 {[%clk 00:20:30] [%emt 00:00:22]} 39... a5
{[%clk 00:31:13] [%emt 00:00:28]} 40. Re8 {[%clk 00:20:37] [%emt 00:00:23]} 0-1

[Event "New Zealand Junior Championship"]
[Site "Wellington"]
[Date "2023.01.07"]
[Round "5.12"]
[White "Gilmore, Blake"]
[Black "Sun, Wanyao Sarah"]
[Result "1/2-1/2"]
[WhiteElo "1725"]
[BlackElo "1635"]

1. Nf3 {[%clk 01:00:58] [%emt 00:00:02]} 1... d5 {[%clk 01:00:54] [%emt
00:00:07]} 2. g3 {[%clk 01:01:21] [%emt 00:00:07]} 2... Nf6 {[%clk 01:01:17]
[%emt 00:00:06]} 3. Bg2 {[%clk 01:01:46] [%emt 00:00:06]} 3... c6 {[%clk
01:01:24] [%emt 00:00:23]} 4. d3 {[%clk 01:01:58] [%emt 00:00:18]} 4... Bg4
{[%clk 01:01:24] [%emt 00:00:29]} 5. h3 {[%clk 01:02:00] [%emt 00:00:28]} 5...
Bxf3 {[%clk 01:01:32] [%emt 00:00:21]} 6. Bxf3 {[%clk 01:02:19] [%emt
00:00:12]} 6... e5 {[%clk 01:01:49] [%emt 00:00:13]} 7. Nd2 {[%clk 01:02:25]
[%emt 00:00:26]} 7... Bd6 {[%clk 00:57:10] [%emt 00:05:07]} 8. O-O {[%clk
01:02:23] [%emt 00:00:32]} 8... O-O {[%clk 00:57:17] [%emt 00:00:23]} 9. e4
{[%clk 01:02:49] [%emt 00:00:05]} 9... Nbd7 {[%clk 00:56:29] [%emt 00:01:19]}
10. Re1 {[%clk 01:00:10] [%emt 00:03:09]} 10... Re8 {[%clk 00:56:22] [%emt
00:00:35]} 11. b3 {[%clk 00:57:15] [%emt 00:03:27]} 11... Nc5 {[%clk 00:50:56]
[%emt 00:05:55]} 12. Bb2 {[%clk 00:55:33] [%emt 00:02:13]} 12... a5 {[%clk
00:43:50] [%emt 00:07:36]} 13. a4 {[%clk 00:55:11] [%emt 00:00:52]} 13... Qc7
{[%clk 00:40:00] [%emt 00:04:19]} 14. Nb1 {[%clk 00:50:38] [%emt 00:05:04]}
14... Ne6 {[%clk 00:37:07] [%emt 00:03:23]} 15. Nc3 {[%clk 00:49:49] [%emt
00:01:19]} 15... Bb4 {[%clk 00:31:59] [%emt 00:05:37]} 16. Re2 {[%clk 00:48:12]
[%emt 00:02:07]} 16... Ng5 {[%clk 00:31:10] [%emt 00:01:19]} 17. Bg2 {[%clk
00:46:32] [%emt 00:02:10]} 17... dxe4 {[%clk 00:28:34] [%emt 00:03:05]} 18.
Nxe4 {[%clk 00:42:57] [%emt 00:04:04]} 18... Nfxe4 {[%clk 00:28:40] [%emt
00:00:25]} 19. dxe4 {[%clk 00:43:17] [%emt 00:00:11]} 19... Rad8 {[%clk
00:28:09] [%emt 00:00:58]} 20. Qc1 {[%clk 00:43:39] [%emt 00:00:11]} 20... Qe7
{[%clk 00:26:30] [%emt 00:02:05]} 21. h4 {[%clk 00:43:32] [%emt 00:00:40]}
21... Ne6 {[%clk 00:26:24] [%emt 00:00:36]} 22. Bxe5 {[%clk 00:42:24] [%emt
00:01:38]} 22... Qd7 {[%clk 00:25:49] [%emt 00:01:02]} 23. Bb2 {[%clk 00:39:05]
[%emt 00:03:52]} 23... Bc5 {[%clk 00:25:05] [%emt 00:01:09]} 24. Bc3 {[%clk
00:38:48] [%emt 00:00:51]} 24... Qc7 {[%clk 00:24:08] [%emt 00:01:24]} 25. e5
{[%clk 00:38:22] [%emt 00:01:00]} 25... Nd4 {[%clk 00:23:46] [%emt 00:00:52]}
26. Bxd4 {[%clk 00:35:55] [%emt 00:02:57]} 26... Bxd4 {[%clk 00:24:07] [%emt
00:00:07]} 27. Rb1 {[%clk 00:36:14] [%emt 00:00:12]} 27... Bxe5 {[%clk
00:23:05] [%emt 00:01:30]} 28. Qe1 {[%clk 00:36:11] [%emt 00:00:34]} 28... h6
{[%clk 00:20:08] [%emt 00:03:28]} 29. Kh1 {[%clk 00:36:15] [%emt 00:00:25]}
29... Re7 {[%clk 00:17:33] [%emt 00:03:04]} 30. f4 {[%clk 00:34:44] [%emt
00:02:02]} 30... Bf6 {[%clk 00:17:44] [%emt 00:00:16]} 31. Rxe7 {[%clk
00:35:07] [%emt 00:00:10]} 31... Bxe7 {[%clk 00:17:55] [%emt 00:00:20]} 32. Rd1
{[%clk 00:35:20] [%emt 00:00:15]} 1/2-1/2

[Event "New Zealand Junior Championship"]
[Site "Wellington"]
[Date "2023.01.07"]
[Round "5.13"]
[White "Wang, Carol Huixin"]
[Black "Zhang, Yaoyuan"]
[Result "0-1"]
[WhiteElo "1127"]
[BlackElo "1515"]

1. e4 {[%clk 01:00:58] [%emt 00:00:02]} 1... c6 {[%clk 01:00:52] [%emt
00:00:08]} 2. d4 {[%clk 01:01:19] [%emt 00:00:09]} 2... d5 {[%clk 01:01:12]
[%emt 00:00:10]} 3. Nc3 {[%clk 01:01:39] [%emt 00:00:10]} 3... dxe4 {[%clk
01:01:13] [%emt 00:00:29]} 4. Nxe4 {[%clk 01:01:47] [%emt 00:00:22]} 4... Bf5
{[%clk 01:00:37] [%emt 00:01:05]} 5. Ng3 {[%clk 01:02:06] [%emt 00:00:13]} 5...
Bg6 {[%clk 01:00:59] [%emt 00:00:08]} 6. h4 {[%clk 01:02:22] [%emt 00:00:14]}
6... h6 {[%clk 01:00:55] [%emt 00:00:32]} 7. h5 {[%clk 01:02:32] [%emt
00:00:22]} 7... Bh7 {[%clk 01:01:20] [%emt 00:00:04]} 8. Nf3 {[%clk 01:02:39]
[%emt 00:00:23]} 8... Nf6 {[%clk 01:00:55] [%emt 00:00:55]} 9. Bd3 {[%clk
01:02:54] [%emt 00:00:15]} 9... e6 {[%clk 00:58:56] [%emt 00:02:29]} 10. Bxh7
{[%clk 01:01:45] [%emt 00:01:39]} 10... Nxh7 {[%clk 00:59:18] [%emt 00:00:08]}
11. Qd3 {[%clk 01:01:22] [%emt 00:00:53]} 11... Bd6 {[%clk 00:57:54] [%emt
00:01:53]} 12. Be3 {[%clk 01:00:19] [%emt 00:01:34]} 12... Bxg3 {[%clk
00:53:33] [%emt 00:04:51]} 13. fxg3 {[%clk 01:00:31] [%emt 00:00:18]} 13... Nd7
{[%clk 00:53:55] [%emt 00:00:08]} 14. O-O-O {[%clk 01:00:05] [%emt 00:00:56]}
14... Nhf6 {[%clk 00:51:09] [%emt 00:03:17]} 15. c4 {[%clk 00:58:29] [%emt
00:02:06]} 15... Qe7 {[%clk 00:48:57] [%emt 00:02:41]} 16. c5 {[%clk 00:57:34]
[%emt 00:01:26]} 16... Nd5 {[%clk 00:47:56] [%emt 00:01:28]} 17. Bf4 {[%clk
00:56:50] [%emt 00:01:16]} 17... Nxf4 {[%clk 00:47:29] [%emt 00:00:57]} 18.
gxf4 {[%clk 00:57:04] [%emt 00:00:17]} 18... O-O-O {[%clk 00:47:45] [%emt
00:00:14]} 19. Rhe1 {[%clk 00:54:48] [%emt 00:02:46]} 19... Qf6 {[%clk
00:46:26] [%emt 00:01:48]} 20. Qe3 {[%clk 00:53:20] [%emt 00:01:59]} 20... g6
{[%clk 00:44:41] [%emt 00:02:15]} 21. g4 {[%clk 00:52:34] [%emt 00:01:15]}
21... gxh5 {[%clk 00:42:55] [%emt 00:02:17]} 22. gxh5 {[%clk 00:52:08] [%emt
00:00:56]} 22... Rhg8 {[%clk 00:42:09] [%emt 00:01:15]} 23. Rg1 {[%clk
00:51:33] [%emt 00:01:05]} 23... Qf5 {[%clk 00:42:01] [%emt 00:00:34]} 24. Rh1
{[%clk 00:50:45] [%emt 00:01:22]} 24... Rg4 {[%clk 00:41:06] [%emt 00:01:24]}
25. Rdf1 {[%clk 00:47:57] [%emt 00:03:19]} 25... Qxf4 {[%clk 00:38:41] [%emt
00:02:56]} 26. Qxf4 {[%clk 00:47:56] [%emt 00:00:31]} 26... Rxf4 {[%clk
00:38:56] [%emt 00:00:15]} 27. Ne5 {[%clk 00:47:33] [%emt 00:00:53]} 27... Nxe5
{[%clk 00:38:49] [%emt 00:00:36]} 28. dxe5 {[%clk 00:46:25] [%emt 00:01:39]}
28... Rc4+ {[%clk 00:38:35] [%emt 00:00:44]} 29. Kb1 {[%clk 00:46:26] [%emt
00:00:30]} 29... Rxc5 {[%clk 00:37:46] [%emt 00:01:19]} 30. Rxf7 {[%clk
00:44:14] [%emt 00:02:41]} 30... Rxe5 {[%clk 00:36:23] [%emt 00:01:54]} 31. Rf6
{[%clk 00:43:50] [%emt 00:00:54]} 31... Rh8 {[%clk 00:36:12] [%emt 00:00:39]}
32. Kc2 {[%clk 00:43:40] [%emt 00:00:42]} 32... Kd7 {[%clk 00:36:30] [%emt
00:00:12]} 33. Rh2 {[%clk 00:43:38] [%emt 00:00:32]} 33... Ke7 {[%clk 00:36:25]
[%emt 00:00:33]} 34. Rg6 {[%clk 00:43:52] [%emt 00:00:17]} 34... Rg5 {[%clk
00:34:29] [%emt 00:02:26]} 35. Rxg5 {[%clk 00:43:07] [%emt 00:01:16]} 35...
hxg5 {[%clk 00:34:53] [%emt 00:00:06]} 36. Kd3 {[%clk 00:43:05] [%emt
00:00:31]} 36... Kf6 {[%clk 00:35:06] [%emt 00:00:15]} 37. Ke3 {[%clk 00:43:04]
[%emt 00:00:33]} 37... a5 {[%clk 00:34:23] [%emt 00:01:14]} 38. a3 {[%clk
00:43:14] [%emt 00:00:19]} 38... b5 {[%clk 00:34:31] [%emt 00:00:21]} 39. b3
{[%clk 00:43:02] [%emt 00:00:43]} 39... c5 {[%clk 00:32:27] [%emt 00:02:34]}
40. Kf3 {[%clk 00:42:39] [%emt 00:00:53]} 40... Kf5 {[%clk 00:32:42] [%emt
00:00:15]} 41. Rh1 {[%clk 00:41:13] [%emt 00:01:55]} 41... g4+ {[%clk 00:32:25]
[%emt 00:00:47]} 42. Kg3 {[%clk 00:40:44] [%emt 00:01:00]} 42... Kg5 {[%clk
00:32:28] [%emt 00:00:27]} 43. h6 {[%clk 00:40:24] [%emt 00:00:49]} 43... Rxh6
{[%clk 00:32:48] [%emt 00:00:10]} 44. Rxh6 {[%clk 00:39:58] [%emt 00:00:56]}
44... Kxh6 {[%emt 00:00:07]} 45. Kxg4 {[%clk 00:40:11] [%emt 00:00:14]} 45...
Kg6 {[%clk 00:33:24] [%emt 00:00:20]} 46. Kf4 {[%clk 00:40:23] [%emt 00:00:18]}
46... a4 {[%clk 00:32:17] [%emt 00:01:37]} 47. Ke3 {[%clk 00:39:37] [%emt
00:01:16]} 47... axb3 {[%clk 00:32:33] [%emt 00:00:13]} 48. Kd2 {[%clk
00:39:46] [%emt 00:00:21]} 48... e5 {[%clk 00:32:38] [%emt 00:00:26]} 49. Kd3
{[%clk 00:39:24] [%emt 00:00:51]} 49... e4+ {[%clk 00:31:57] [%emt 00:01:12]}
50. Kxe4 {[%clk 00:38:50] [%emt 00:01:04]} 50... b2 {[%clk 00:32:21] [%emt
00:00:06]} 51. Kd5 {[%clk 00:39:12] [%emt 00:00:09]} 51... b1=Q {[%clk
00:32:31] [%emt 00:00:21]} 0-1

[Event "New Zealand Junior Championship"]
[Site "Wellington"]
[Date "2023.01.07"]
[Round "5.14"]
[White "Chen, Anderson"]
[Black "Zhou, Martin"]
[Result "1/2-1/2"]
[WhiteElo "1487"]
[BlackElo "1061"]

1. e4 {[%clk 01:00:59]} 1... c5 {[%clk 00:59:41] [%emt 00:01:19]} 2. c4 {[%clk
01:01:24] [%emt 00:00:06]} 2... d6 {[%clk 00:59:42] [%emt 00:00:29]} 3. Nc3
{[%clk 01:01:45] [%emt 00:00:08]} 3... Nc6 {[%clk 00:59:37] [%emt 00:00:35]} 4.
Nge2 {[%clk 01:02:09] [%emt 00:00:07]} 4... Bg4 {[%clk 00:59:51] [%emt
00:00:15]} 5. d3 {[%clk 01:01:14] [%emt 00:01:25]} 5... Nd4 {[%clk 00:59:43]
[%emt 00:00:39]} 6. Be3 {[%clk 00:58:29] [%emt 00:03:15]} 6... Nxe2 {[%clk
00:59:51] [%emt 00:00:21]} 7. Bxe2 {[%clk 00:58:44] [%emt 00:00:16]} 7... Bxe2
{[%clk 01:00:10] [%emt 00:00:10]} 8. Qxe2 {[%clk 00:59:10] [%emt 00:00:05]}
8... g6 {[%clk 01:00:23] [%emt 00:00:17]} 9. O-O {[%clk 00:59:24] [%emt
00:00:15]} 9... Bg7 {[%clk 01:00:21] [%emt 00:00:31]} 10. Rac1 {[%clk 00:58:29]
[%emt 00:01:26]} 10... a6 {[%clk 00:59:56] [%emt 00:00:55]} 11. a3 {[%clk
00:58:30] [%emt 00:00:30]} 11... Qa5 {[%clk 00:57:59] [%emt 00:02:26]} 12. Qc2
{[%clk 00:53:20] [%emt 00:05:40]} 12... Nf6 {[%clk 00:56:38] [%emt 00:01:51]}
13. Rb1 {[%clk 00:44:59] [%emt 00:08:51]} 13... Qc7 {[%clk 00:56:42] [%emt
00:00:26]} 14. b4 {[%clk 00:42:40] [%emt 00:02:49]} 14... b6 {[%clk 00:56:21]
[%emt 00:00:51]} 15. h3 {[%clk 00:40:55] [%emt 00:02:14]} 15... O-O {[%clk
00:56:29] [%emt 00:00:22]} 16. Rfd1 {[%clk 00:39:34] [%emt 00:01:51]} 16... Nd7
{[%clk 00:56:35] [%emt 00:00:24]} 17. Nd5 {[%clk 00:38:38] [%emt 00:01:27]}
17... Qd8 {[%clk 00:56:52] [%emt 00:00:13]} 18. Bc1 {[%clk 00:37:11] [%emt
00:01:57]} 18... e6 {[%clk 00:56:55] [%emt 00:00:26]} 19. Nc3 {[%clk 00:37:15]
[%emt 00:00:27]} 19... e5 {[%clk 00:56:45] [%emt 00:00:40]} 20. Nd5 {[%clk
00:36:29] [%emt 00:01:16]} 20... f5 {[%clk 00:56:33] [%emt 00:00:42]} 21. Qe2
{[%clk 00:33:27] [%emt 00:03:33]} 21... Nf6 {[%clk 00:56:38] [%emt 00:00:25]}
22. Nxf6+ {[%clk 00:26:06] [%emt 00:07:51]} 22... Qxf6 {[%clk 00:56:42] [%emt
00:00:25]} 23. Rf1 {[%clk 00:25:10] [%emt 00:01:27]} 23... f4 {[%clk 00:56:38]
[%emt 00:00:33]} 24. f3 {[%clk 00:24:07] [%emt 00:01:34]} 24... Kh8 {[%clk
00:55:54] [%emt 00:01:14]} 25. Qe1 {[%clk 00:21:26] [%emt 00:03:11]} 25... Rg8
{[%clk 00:55:37] [%emt 00:00:46]} 26. Kf2 {[%clk 00:21:06] [%emt 00:00:51]}
26... Qg5 {[%clk 00:55:40] [%emt 00:00:27]} 27. Rg1 {[%clk 00:20:40] [%emt
00:00:57]} 27... Bf8 {[%clk 00:55:29] [%emt 00:00:40]} 28. b5 {[%emt 00:03:31]}
28... a5 {[%clk 00:53:02] [%emt 00:02:55]} 29. a4 {[%clk 00:18:03] [%emt
00:00:09]} 29... Qf6 {[%clk 00:52:08] [%emt 00:01:23]} 30. Bb2 {[%clk 00:17:34]
[%emt 00:00:59]} 30... Kg7 {[%clk 00:52:14] [%emt 00:00:23]} 31. Ke2 {[%clk
00:17:54] [%emt 00:00:09]} 31... Kf7 {[%clk 00:52:19] [%emt 00:00:25]} 32. Qf2
{[%clk 00:17:27] [%emt 00:00:56]} 32... Be7 {[%clk 00:52:25] [%emt 00:00:25]}
33. Bc3 {[%clk 00:16:49] [%emt 00:01:09]} 33... h5 {[%clk 00:51:54] [%emt
00:01:00]} 34. Rh1 {[%clk 00:15:26] [%emt 00:01:54]} 34... Rh8 {[%clk 00:52:06]
[%emt 00:00:19]} 35. Rbg1 {[%clk 00:14:28] [%emt 00:01:27]} 35... Rag8 {[%clk
00:52:01] [%emt 00:00:36]} 36. Qe1 {[%clk 00:13:11] [%emt 00:01:47]} 36... g5
{[%clk 00:52:16] [%emt 00:00:15]} 37. Qf2 {[%clk 00:10:56] [%emt 00:02:46]}
37... Qe6 {[%clk 00:52:21] [%emt 00:00:25]} 38. Be1 {[%clk 00:07:58] [%emt
00:03:27]} 38... g4 {[%clk 00:52:33] [%emt 00:00:19]} 39. hxg4 {[%clk 00:07:36]
[%emt 00:00:51]} 39... hxg4 {[%clk 00:52:38] [%emt 00:00:25]} 40. Qf1 {[%clk
00:07:36] [%emt 00:00:30]} 40... gxf3+ {[%clk 00:51:34] [%emt 00:01:34]} 41.
gxf3 {[%clk 00:07:39] [%emt 00:00:27]} 41... Rxg1 {[%clk 00:50:59] [%emt
00:01:05]} 42. Qxg1 {[%clk 00:07:26] [%emt 00:00:44]} 42... Rxh1 {[%clk
00:51:15] [%emt 00:00:14]} 43. Qxh1 {[%clk 00:07:48] [%emt 00:00:08]} 43... Qg6
{[%clk 00:47:04] [%emt 00:04:41]} 44. Bf2 {[%clk 00:07:31] [%emt 00:00:47]}
1/2-1/2

[Event "New Zealand Junior Championship"]
[Site "Wellington"]
[Date "2023.01.08"]
[Round "6.1"]
[White "Gong, Daniel Hanwen"]
[Black "Mao, Daqi"]
[Result "1/2-1/2"]
[WhiteElo "2388"]
[BlackElo "2085"]

1. d4 {[%clk 01:00:59] [%emt 00:00:01]} 1... d5 {[%clk 01:00:56] [%emt
00:00:04]} 2. Bf4 {[%clk 01:01:26] [%emt 00:00:04]} 2... e6 {[%clk 01:01:21]
[%emt 00:00:04]} 3. e3 {[%clk 01:01:52] [%emt 00:00:08]} 3... Bd6 {[%clk
01:01:46]} 4. Bg3 {[%clk 01:02:19] [%emt 00:00:03]} 4... Nf6 {[%clk 01:01:59]
[%emt 00:00:17]} 5. Nf3 {[%clk 01:02:46] [%emt 00:00:03]} 5... c5 {[%clk
01:02:13] [%emt 00:00:16]} 6. c3 {[%clk 01:03:13] [%emt 00:00:03]} 6... cxd4
{[%clk 01:01:50] [%emt 00:00:53]} 7. exd4 {[%clk 01:03:38] [%emt 00:00:06]}
7... Nc6 {[%clk 01:01:41] [%emt 00:00:38]} 8. Bd3 {[%clk 01:03:59] [%emt
00:00:09]} 8... Qc7 {[%clk 01:00:53] [%emt 00:01:17]} 9. Qe2 {[%clk 01:04:18]
[%emt 00:00:11]} 9... O-O {[%clk 00:59:46] [%emt 00:01:36]} 10. Nbd2 {[%clk
01:04:33] [%emt 00:00:16]} 10... Nd7 {[%clk 00:54:56] [%emt 00:05:19]} 11. Ng5
{[%clk 00:56:42] [%emt 00:08:21]} 11... Nf6 {[%clk 00:55:02] [%emt 00:00:24]}
12. Ngf3 {[%clk 00:55:55] [%emt 00:01:18]} 12... Nd7 {[%clk 00:54:59] [%emt
00:00:33]} 13. Bxd6 {[%clk 00:52:57] [%emt 00:03:28]} 13... Qxd6 {[%clk
00:55:18] [%emt 00:00:11]} 14. O-O {[%clk 00:53:24] [%emt 00:00:03]} 14... f6
{[%clk 00:54:32] [%emt 00:01:17]} 15. Rfe1 {[%clk 00:52:07] [%emt 00:01:47]}
15... e5 {[%clk 00:52:29] [%emt 00:02:32]} 16. dxe5 {[%clk 00:52:29] [%emt
00:00:09]} 16... fxe5 {[%clk 00:52:38] [%emt 00:00:20]} 17. Bc2 {[%clk
00:42:47] [%emt 00:10:12]} 17... e4 {[%clk 00:52:10] [%emt 00:00:57]} 18. Nd4
{[%clk 00:43:13] [%emt 00:00:04]} 18... Nde5 {[%clk 00:46:36] [%emt 00:06:04]}
19. Nxc6 {[%clk 00:22:27] [%emt 00:21:17]} 19... Ng4 {[%clk 00:42:59] [%emt
00:04:06]} 20. Ne7+ {[%clk 00:16:26] [%emt 00:06:31]} 20... Kh8 {[%clk
00:41:45] [%emt 00:01:45]} 1/2-1/2